Dog Man characters - Statistics

General Stats
  • This quiz has been taken 56 times
    50 since last reset
  • The average score is 11 of 26
Answer Stats
Hint Answer % Correct
Books 1-10 Dog Man
100%
Books3-10 Li'l Petey
90%
Books1-10 Petey
90%
Books 1-10 Chief
86%
Books2-10 Flippy
67%
Books8-10 Molly
62%
Books 1-10 Sarah Hatoff
62%
Books1-10 Big Jim
48%
Book 1 Mayor
48%
Books1-10 Mayor
48%
Books2-10 Zuzu
48%
Books4-10 80-HD
43%
Books5-7 Piggy
43%
Books5-7 Bub
38%
Books5-7 Crunky
38%
Books7-10 Grampa
38%
Books1-10 Nurse Lady
38%
Book 1 Robo chief
29%
Book 8 The fair fairy
24%
Books1-10 Dr.Scum
14%
Book 9 Melvin the frog
14%
Book 8 Barky McTreeFace
10%
Book 7 Daryl
10%
Books1-10 Doctor
5%
Books1-10 Milly
5%
Books 7 And8 Sam hamilton
0%
No matching quizzes found
Score Distribution
Percent of People with Each Score
Percentile by Number Answered
Your Score History
You have not taken this quiz since the last reset